00519 2200169 4500245005300000020002200053250001100075100001900086650002300105005001900128260003700147041001400184084000800198500009900206490003500305336000900340 aLingkungan Hidup Volume 18cA. Ari DartoyohText a978-602-7706-18-7 aCet. 1 aA. Ari Dartoyo aEnsiklopedia Sains a20231108105051 aJakartabIndonesia Printerc2012 aIndonesia a503 aDaftar Isi : Bumi dalam Bahaya, Polusi, Perubahan Skala Global, Mencari Solusi, Gerakan Hijau. aEnsiklopedia Sains Spektakuler atext